000 00467nam a22001697a 4500
003 NUST - PNEC
005 20170116181119.0
008 151004b xxu||||| |||| 00| 0 eng d
020 _a9781846141249
040 _cLIBRARY
082 _a953.8052 COL
100 _913374
_a Coll, Steve
245 _aThe Bin Ladens: the story of a family and its fortune
_c Steve Coll
260 _cc.2008
650 _913377
_aSaudi Arabia
_xHistory , Biography
942 _2ddc
_cBK
999 _c69481
_d69481